| 000 | 00498nam a2200133Ia 4500 | ||
|---|---|---|---|
| 008 | 170221s9999 xx 000 0 und d | ||
| 100 | _aQingwen Han | ||
| 245 | 2 | _aA Ladder CCA Threshold Selection Mechanism for Multi-Hop Vehicle EWM Transmission | |
| 245 | _cQingwen Han, Zhe Zhang, Lingqiu Zeng, Lei Ye, and Yingxiang Zhu. | ||
| 260 | _bJournal of Communications | ||
| 650 | _xCommunication | ||
| 650 | _xMedia Arts | ||
| 856 | _uhttp://www.jocm.us/index.php?m=content&c=index&a=lists&catid=141 | ||
| 999 |
_c312640 _d312640 |
||